000 01020nam0a22002651 4500
001 rc\469568
005 20260524041359.0
035 _a(NLR Aleph) 005713476
090 _a7402801
_c7402801
100 _a20030616d1987 u y0rusy50 ca
101 0 _arus
102 _aRU
105 _aa |||||||||
200 1 _aИНЖЕКЦИОННЫЕ лазеры в системах передачи и обработки информации
_f[Отв. ред. д. ф.-м. н. Ю.М. Попов]
210 _aМ.
_cНаука
_d1987
215 _a212 с.
_cил.
_d26
225 1 _aТруды Физического института им. П.Н. Лебедева
_fАН СССР
_vТ. 185
320 _aБиблиогр. в конце ст.
702 1 _4340
_7ca
_8rus
_aПопов
_bЮ. М.
_cд-р физ.-мат. наук
_f1929-2025
_gЮрий Михайлович
_916968
_3RU\NLR\AUTH\7733962
801 0 _aRU
_bNLR
_gpsbo
801 1 _aRU
_bELAR
_2rusmarc
852 _aNLR
_jП7/366
942 _cUNSPEC
980 _aNB